| 000 | 00818nam a2200169 i 4500 | ||
|---|---|---|---|
| 001 | 155167 | ||
| 003 | ES-MaACL | ||
| 005 | 20250804063428.0 | ||
| 008 | 011207s1897 sp |||| | spa d | ||
| 040 |
_aEXT _bspa _cEXT |
||
| 100 | 1 |
_aHazañas y La Rúa, Joaquín, _d1862-1934 _962227 |
|
| 245 | 1 | 0 |
_aNecrología del Excmo. Sr. D. Joaquín Alcaide y Molina / _cescrita y publicada en cumplimiento de acuerdo de la Real Academia Sevillana de Buenas Letras por ... Joaquín Hazañas y La Rua, y leída en ... 26 de noviembre de 1896. |
| 260 |
_aSevilla : _b[s.n.], _c1897 ( _fTip. de Francisco de P. Díaz) |
||
| 300 |
_a18 p. ; _c22 cm. |
||
| 852 |
_aES-MaACL _jT-1013-F-5 _z-- Enc. hol. conservando la enc. editorial _z-- Ded. ms. del autor al Ateneo _z-- Enc. en un vol. facticio |
||
| 999 |
_c155167 _d155167 |
||